Statistics for mirrorball - Taylor Swift (All Lyrics)

Click here to take the quiz!

General Stats

  • This quiz has been taken 14 times
  • The average score is 239 of 258

Answer Stats

Lyrics% Correct
a
100%
but
100%
But
100%
every
100%
everything
100%
for
100%
heels,
100%
highest
100%
I
100%
I'm
100%
in
100%
just
100%
me
100%
mirrorball
100%
my
100%
on
100%
Shining
100%
Spinning
100%
still
100%
tallest
100%
tiptoes
100%
to
100%
You
100%
you
100%
You'll
100%
all
92%
And
92%
and
92%
at
92%
believer,
92%
called
92%
circus,
92%
disco
92%
do
92%
don't
92%
down
92%
find
92%
I'll
92%
is
92%
I've
92%
keep
92%
know
92%
laughing
92%
love
92%
of
92%
off
92%
one
92%
said
92%
that
92%
The
92%
the
92%
they
92%
try,
92%
try
92%
trying
92%
want
92%
When
92%
when
92%
why
92%
about
83%
around,
83%
beautiful
83%
been
83%
change
83%
dear
83%
end
83%
fit
83%
floor
83%
get
83%
home
83%
Hush,
83%
it's
83%
looking
83%
natural,
83%
near
83%
never
83%
no
83%
out
83%
Shimmering
83%
show
83%
tightrope
83%
tonight
83%
trapeze
83%
version
83%
yourself
83%
are
75%
Because
75%
break,
75%
burned
75%
clowns
75%
horses
75%
like
75%
million
75%
not
75%
pieces
75%
regulars
75%
rodeo
75%
sent
75%
as
67%
can
67%
glisten
67%
masquerade
67%
revelers
67%
watch
67%
Drunk
58%
edges
58%
shattered
58%

Score Distribution

Percentile by Number Answered

Percent of People with Each Score

Your Score History

You have not taken this quiz